<?xml version="1.0" encoding="UTF-8"?>
<record
    xmlns:xsi="http://www.w3.org/2001/XMLSchema-instance"
    xsi:schemaLocation="http://www.loc.gov/MARC21/slim http://www.loc.gov/standards/marcxml/schema/MARC21slim.xsd"
    xmlns="http://www.loc.gov/MARC21/slim">

  <leader>01942    a2200301   4500</leader>
  <controlfield tag="003">NALT</controlfield>
  <controlfield tag="005">20250625085442.0</controlfield>
  <controlfield tag="008">250619b        th ||||| |||| 00| 0 tha d</controlfield>
  <datafield tag="020" ind1=" " ind2=" ">
    <subfield code="a">9786168313619</subfield>
  </datafield>
  <datafield tag="040" ind1=" " ind2=" ">
    <subfield code="a">NALT </subfield>
  </datafield>
  <datafield tag="041" ind1="1" ind2=" ">
    <subfield code="a">tha</subfield>
    <subfield code="h">eng</subfield>
  </datafield>
  <datafield tag="050" ind1=" " ind2=" ">
    <subfield code="a">D 25.5</subfield>
    <subfield code="b">&#xE21;862&#xE2A; 2566</subfield>
  </datafield>
  <datafield tag="100" ind1="1" ind2=" ">
    <subfield code="a">&#xE41;&#xE21;&#xE04;&#xE21;&#xE34;&#xE25;&#xE25;&#xE32;&#xE19;, &#xE21;&#xE32;&#xE23;&#xE4C;&#xE01;&#xE32;&#xE40;&#xE23;&#xE47;&#xE15;</subfield>
    <subfield code="9">66152</subfield>
  </datafield>
  <datafield tag="245" ind1="1" ind2="0">
    <subfield code="a">&#xE2A;&#xE31;&#xE15;&#xE27;&#xE4C;&#xE2A;&#xE07;&#xE04;&#xE23;&#xE32;&#xE21; : </subfield>
    <subfield code="b">&#xE1B;&#xE23;&#xE30;&#xE27;&#xE31;&#xE15;&#xE34;&#xE28;&#xE32;&#xE2A;&#xE15;&#xE23;&#xE4C;&#xE1A;&#xE32;&#xE14;&#xE2B;&#xE21;&#xE32;&#xE07;&#xE17;&#xE35;&#xE48;&#xE01;&#xE48;&#xE2D;&#xE23;&#xE48;&#xE32;&#xE07;&#xE2A;&#xE23;&#xE49;&#xE32;&#xE07;&#xE42;&#xE25;&#xE01; /</subfield>
    <subfield code="c">&#xE42;&#xE14;&#xE22; Margaret MacMillan ; &#xE2A;&#xE38;&#xE17;&#xE18;&#xE34;&#xE21;&#xE32;&#xE19; &#xE25;&#xE34;&#xE21;&#xE1B;&#xE19;&#xE38;&#xE2A;&#xE23;&#xE13;&#xE4C; &#xE41;&#xE1B;&#xE25;.</subfield>
  </datafield>
  <datafield tag="250" ind1=" " ind2=" ">
    <subfield code="a">&#xE1E;&#xE34;&#xE21;&#xE1E;&#xE4C;&#xE04;&#xE23;&#xE31;&#xE49;&#xE07;&#xE17;&#xE35;&#xE48; 1.</subfield>
  </datafield>
  <datafield tag="260" ind1=" " ind2=" ">
    <subfield code="a">&#xE01;&#xE23;&#xE38;&#xE07;&#xE40;&#xE17;&#xE1E;&#xE2F; :</subfield>
    <subfield code="b">&#xE1A;&#xE38;&#xE4A;&#xE04;&#xE2A;&#xE40;&#xE04;&#xE1B;,</subfield>
    <subfield code="c">2566.</subfield>
  </datafield>
  <datafield tag="300" ind1=" " ind2=" ">
    <subfield code="a">399 &#xE2B;&#xE19;&#xE49;&#xE32; :</subfield>
    <subfield code="b">&#xE20;&#xE32;&#xE1E;&#xE1B;&#xE23;&#xE30;&#xE01;&#xE2D;&#xE1A; ;</subfield>
    <subfield code="c">21 &#xE0B;&#xE21;.</subfield>
  </datafield>
  <datafield tag="500" ind1=" " ind2=" ">
    <subfield code="a">&#xE41;&#xE1B;&#xE25;&#xE08;&#xE32;&#xE01; WAR : How Conflict Shaped Us.</subfield>
  </datafield>
  <datafield tag="505" ind1="2" ind2=" ">
    <subfield code="a">&#xE1A;&#xE17;&#xE19;&#xE33; -- &#xE2B;&#xE19;&#xE36;&#xE48;&#xE07; : &#xE21;&#xE19;&#xE38;&#xE29;&#xE22;&#xE0A;&#xE32;&#xE15;&#xE34; &#xE2A;&#xE31;&#xE07;&#xE04;&#xE21; &#xE41;&#xE25;&#xE30;&#xE2A;&#xE07;&#xE04;&#xE23;&#xE32;&#xE21; -- &#xE2A;&#xE2D;&#xE07; : &#xE0A;&#xE19;&#xE27;&#xE19;&#xE2A;&#xE07;&#xE04;&#xE23;&#xE32;&#xE21; -- &#xE2A;&#xE32;&#xE21; : &#xE27;&#xE34;&#xE16;&#xE35;&#xE41;&#xE25;&#xE30;&#xE04;&#xE23;&#xE23;&#xE25;&#xE2D;&#xE07; -- &#xE2A;&#xE35;&#xE48; : &#xE2A;&#xE07;&#xE04;&#xE23;&#xE32;&#xE21;&#xE2A;&#xE21;&#xE31;&#xE22;&#xE43;&#xE2B;&#xE21;&#xE48; -- &#xE2B;&#xE49;&#xE32; : &#xE1B;&#xE25;&#xE38;&#xE01;&#xE1B;&#xE31;&#xE49;&#xE19;&#xE1E;&#xE25;&#xE23;&#xE1A; -- &#xE2B;&#xE01; : &#xE1B;&#xE23;&#xE30;&#xE08;&#xE31;&#xE0D;&#xE1A;&#xE32;&#xE19; -- &#xE40;&#xE08;&#xE47;&#xE14; : &#xE1E;&#xE25;&#xE40;&#xE23;&#xE37;&#xE2D;&#xE19; -- &#xE41;&#xE1B;&#xE14; : &#xE01;&#xE15;&#xE34;&#xE01;&#xE32;&#xE17;&#xE35;&#xE48;&#xE44;&#xE23;&#xE49;&#xE04;&#xE27;&#xE32;&#xE21;&#xE2B;&#xE21;&#xE32;&#xE22; -- &#xE40;&#xE01;&#xE49;&#xE32; : &#xE2A;&#xE07;&#xE04;&#xE23;&#xE32;&#xE21;&#xE43;&#xE19;&#xE08;&#xE34;&#xE19;&#xE15;&#xE19;&#xE32;&#xE01;&#xE32;&#xE23;&#xE41;&#xE25;&#xE30;&#xE04;&#xE27;&#xE32;&#xE21;&#xE17;&#xE23;&#xE07;&#xE08;&#xE33; -- &#xE1A;&#xE17;&#xE2A;&#xE48;&#xE07;&#xE17;&#xE49;&#xE32;&#xE22;. </subfield>
  </datafield>
  <datafield tag="650" ind1=" " ind2="4">
    <subfield code="a">&#xE2A;&#xE07;&#xE04;&#xE23;&#xE32;&#xE21;</subfield>
    <subfield code="x">&#xE1B;&#xE23;&#xE30;&#xE27;&#xE31;&#xE15;&#xE34;</subfield>
    <subfield code="9">66189</subfield>
  </datafield>
  <datafield tag="650" ind1=" " ind2="4">
    <subfield code="a">&#xE2A;&#xE07;&#xE04;&#xE23;&#xE32;&#xE21;&#xE01;&#xE31;&#xE1A;&#xE2A;&#xE31;&#xE07;&#xE04;&#xE21;</subfield>
    <subfield code="9">18890</subfield>
  </datafield>
  <datafield tag="700" ind1="1" ind2=" ">
    <subfield code="a">MacMillan, Margaret</subfield>
    <subfield code="9">66191</subfield>
  </datafield>
  <datafield tag="700" ind1="0" ind2=" ">
    <subfield code="a">&#xE2A;&#xE38;&#xE17;&#xE18;&#xE34;&#xE21;&#xE32;&#xE19; &#xE25;&#xE34;&#xE21;&#xE1B;&#xE19;&#xE38;&#xE2A;&#xE23;&#xE13;&#xE4C;</subfield>
    <subfield code="9">66190</subfield>
  </datafield>
  <datafield tag="942" ind1=" " ind2=" ">
    <subfield code="c">GB</subfield>
    <subfield code="2">lcc</subfield>
  </datafield>
  <datafield tag="996" ind1=" " ind2=" ">
    <subfield code="a">jidapa.t</subfield>
    <subfield code="b">ACQSTF</subfield>
    <subfield code="c">2025-06-19</subfield>
  </datafield>
  <datafield tag="996" ind1=" " ind2=" ">
    <subfield code="a">varee.k</subfield>
    <subfield code="b">LIBSTF</subfield>
    <subfield code="c">2025-06-20</subfield>
  </datafield>
  <datafield tag="996" ind1=" " ind2=" ">
    <subfield code="a">saiphon.d</subfield>
    <subfield code="b">CATSTF	</subfield>
    <subfield code="c">2025-06-25</subfield>
  </datafield>
  <datafield tag="999" ind1=" " ind2=" ">
    <subfield code="c">106883</subfield>
    <subfield code="d">106883</subfield>
  </datafield>
  <datafield tag="998" ind1=" " ind2=" ">
    <subfield code="j">104</subfield>
    <subfield code="k"> &#xE19;&#xE32;&#xE07;&#xE2A;&#xE32;&#xE27;&#xE2A;&#xE32;&#xE22;&#xE1D;&#xE19;  &#xE14;&#xE35;&#xE07;&#xE32;&#xE21;</subfield>
  </datafield>
  <datafield tag="952" ind1=" " ind2=" ">
    <subfield code="0">0</subfield>
    <subfield code="1">0</subfield>
    <subfield code="2">lcc</subfield>
    <subfield code="4">0</subfield>
    <subfield code="7">0</subfield>
    <subfield code="8">CGBL</subfield>
    <subfield code="a">NALT</subfield>
    <subfield code="b">NALT</subfield>
    <subfield code="c">GEN</subfield>
    <subfield code="d">2025-06-05</subfield>
    <subfield code="e">192</subfield>
    <subfield code="l">0</subfield>
    <subfield code="o">D 25.5 &#xE21;862&#xE2A; 2566</subfield>
    <subfield code="p">3961215402</subfield>
    <subfield code="r">2025-06-05 00:00:00</subfield>
    <subfield code="w">2025-06-05</subfield>
    <subfield code="y">GB</subfield>
  </datafield>
</record>
